zpět

Detail výsledku týmu

U Pošty - Vinohrady ČT, Praha

Datum a čas kvízu

19.5 Celkem bodů Celkový počet nahraných bodů na tomto kvízu bez doplňovacích otázek.
11. Pořadí na kvízu Konečné umístění týmu na tomto kvízu.

Zaznamenané odpovědi

# Otázka Odpověď Body Výsledky
1. V pátek byly zveřejněny výsled... Jihočeský kraj 0
2. Někdo chodí do školy pěšky, ně... D) na praseti 1
3. V areálu pražského Výstaviště... Alanis Morissette, Rag'n'Bone Man 1
4. Bývalý brazilský pilot, který... Emerson Fittipaldi, Targa Florio 0
5. Novozélanďan Maynard Williams... plank (prkno) 1
6. Začneme politikou. Nezávislost... muži 28. října 0
7. V letech 1918–1928 bylo Českos... Užhorod 0
8. Na fotce vidíme jeden z rekons... Tatra, (Hans) Ledwinka 0.5
9. Zde vidíme portrét jednoho z n... Miloš Havel, Barrandov Studio 0
10. „Král komiků“ Vlasta Burian by... AC Sparta Praha, brankář 0